000 00515nam a2200181Ia 4500
005 20250508153133.0
008 008 250505s9999 xx 000 0 eng d
037 _aTextual
040 _aFEDL
_beng
_cFEDL
041 _aeng
_2eng
084 _a371.422, ROE
_qFEDL
100 _aRoeber Edward C
245 0 _aSchool counslor
260 _aWashington, USA
_bThe Center for Applied Research in Education
_c1963
300 _axi,107p.
942 _cTEXL
_h371.422, ROE
999 _c1340869
_d1340869